000
00197 a2200097 4500
001
48029
100
_a
245
_a
Mafhum Quran Majeed
260
_a
Rawalpindi
_b
G H Q
_c
090
_c
31017
_d
31017
942
_a
NUST-CAE
_c
M
_c
23356
999
_c
283102
_d
283102